00573cam a22002291a 4500001001300000003000400013005001700017008004100034010001700075025001600092035002000108040002300128042001200151050002300163100003300186245003200219260002300251300002100274500001800295500001300313999001700326sa 68002575 DLC20260227112444.0930429s1966 ce 000 1 sinr  asa 68002575  aPL480:C-102 a(OCoLC)28004711 aDLCcWaUdWaUdDLC apremarc00aPK2859.S2bM3 19661 aSarachchandra, Ediriweera R.10aMaḷavungē avurudu dā. aKoḷamba,c[1966] a111 p. ;c22 cm. aIn Sinhalese. aA novel. c78836d78836